PRINCIPLES OF ELECTRONIC INSTRUMENTATION AND MEASUREMENT (Record no. 573689)
[ view plain ]
| 000 -LEADER | |
|---|---|
| fixed length control field | 00323nam a22001217a 4500 |
| 020 ## - INTERNATIONAL STANDARD BOOK NUMBER | |
| International Standard Book Number | 0-675-2-449-6 |
| 082 ## - DEWEY DECIMAL CLASSIFICATION NUMBER | |
| Classification number | 621.38154 BER'P |
| 100 ## - MAIN ENTRY--PERSONAL NAME | |
| Personal name | BERLIN, HOWARD M , GETZ, F. C |
| 9 (RLIN) | 65503 |
| 245 ## - TITLE STATEMENT | |
| Title | PRINCIPLES OF ELECTRONIC INSTRUMENTATION AND MEASUREMENT |
| 260 ## - PUBLICATION, DISTRIBUTION, ETC. | |
| Place of publication, distribution, etc. | LONDON |
| Name of publisher, distributor, etc. | MARRILL |
| Date of publication, distribution, etc. | 1988 |
| 300 ## - PHYSICAL DESCRIPTION | |
| Extent | 466P |
| 942 ## - ADDED ENTRY ELEMENTS (KOHA) | |
| Koha item type | Book |
| Withdrawn status | Lost status | Damaged status | Not for loan | Permanent Location | Current Location | Shelving location | Date acquired | Total Checkouts | Full call number | Barcode | Date last seen | Price effective from | Koha item type |
|---|---|---|---|---|---|---|---|---|---|---|---|---|---|
| College of Electrical & Mechanical Engineering (CEME) | College of Electrical & Mechanical Engineering (CEME) | General Stacks | 07/27/2017 | 621.38154 BER'P | CEME-22997 | 06/28/2021 | 06/28/2021 | Book |
